000
00242nam a2200097Ia 4500
008
240625s9999 xx 000 0 und d
041
_a
eng
082
_a
808.20 PAN
100
_a
PANDEY AMRITA
245
_a
MARKET RESEARCH FOR ESSILOR INDIA AND WE
999
_c
36815
_d
36815